000 01549nam a22001577a 4500
041 _aukr
080 _a09
090 _bКАР
100 _aКарчевська Н. В.
245 _aЛексичні засоби англійської мови для передачі просторових відносин
260 _aОстрог
_bКАФ
_c2003
300 _a41
520 _aРозділ 1. Поняття просторової локалізованості. 1.1.Вираження просторової локалізованості в мові. 1.2.Засоби англійської мови для передачі просторових відносин. Розділ 2. Передача просторових відносин за допомогою лексичних засобів мови. 2.1.Іменники з просторовою семантикою. 2.2.Прикметники на позначення просторових відносин. 2.3.Дієслова на позначення просторових відносин. 2.4.Прислівники на позначення просторових відносин. 2.5.Числівники на позначення просторових відносин. 2.6.Вага частин мови у передачі просторових відносин у творі "Перепона" Кетрін Мансфілд.
_0Лексикологія, просторові відносини, семантика
650 _aResearch Papers
999 _c281877
_d281877
942 _cBK